000 00580cam a22001814a 4500
005 20250605164056.0
008 250528s ||||||||||||||||||||||||d
035 _a17453
040 _aGR-AtMCL
_bgre
_dGR-AtMCL
_eAACR2
245 1 _aΑναμνήσεις από το Μέλλον / Άλυτα Αινίγματα του Παρελθόντος
260 _bΗριδανός,
_c1968
300 _a210
520 _aΜε 26 Φωτογραφικά Ντοκουμέντα.
700 1 _aΝτένικεν Έριχ Φον
_93602
942 _cBK
999 _c2869
_d2869